Tous les Combats ( Duel ) au Sabre Laser dans Star Wars - Statistiques

Statistiques générales
  • Ce quiz a été pris 98 fois
  • Le résultat moyen est 37 sur 41
Statistiques - réponses
Réponse % Correct
Dark Maul
96%
Qui-Gon Jinn
96%
Dark Maul
95%
Obi-Wan Kenobi
95%
Comte Dooku
94%
Qui-Gon Jinn
94%
Anakin Skywalker
93%
Anakin Skywalker
93%
Anakin Skywalker
93%
Comte Dooku
93%
Comte Dooku
93%
Dark Vador
93%
Dark Vador
93%
Luke Skywalker
93%
Luke Skywalker
93%
Mace Windu
93%
Maître Yoda
93%
Obi-Wan Kenobi
93%
Obi-Wan Kenobi
93%
Obi-Wan Kenobi
93%
Obi-Wan Kenobi
93%
Sénateur Palpatine
93%
Ben Kenobi
91%
Dark Vador
91%
Dark Vador
91%
Empereur Palpatine
91%
Luke Skywalker
91%
Maître Yoda
91%
Dark Vador
90%
Général Grievous
89%
Kylo Ren
89%
Kylo Ren
86%
Kylo Ren
86%
Luke Skywalker
86%
Rey
86%
Rey
86%
Rey
86%
Rey
86%
Finn
84%
Kylo Ren
84%
Rey
71%
Aucun quiz correspondant
Distribution des résultats
% des personnes avec chaque résultat
Percentile par nombre de réponses
Votre historique - résultats
Vous n’avez pas pris ce quiz